| 000 | 00736nam a2200205Ia 4500 | ||
|---|---|---|---|
| 003 | GCL | ||
| 005 | 20240530104303.0 | ||
| 008 | 140319s9999 xx 000 0 ara d | ||
| 040 |
_aGCL / _cGCL |
||
| 082 | 0 | 4 |
_a780.9 _bف ت |
| 100 | 1 | _aفارمر، هنرى جورج | |
| 245 | 1 | 0 |
_aتاريخ الموسيقى العربية / _cتاليف فارمر، هنرى جورج ؛ ترجمه حسين نصار ؛ راجعه عبدالعزيز الاهوانى |
| 260 |
_aالقاهرة : _bمكتبة مصر |
||
| 300 |
_a317 ص ؛ _c24 سم |
||
| 490 |
_aالالف كتاب _v0 |
||
| 650 | 0 | 4 | _aالموسيقى - تاريخ ونقد |
| 700 | 1 | _aعبدالعزيز الاهوانى | |
| 700 | 1 | _aحسين نصار | |
| 942 |
_2ddc _cBK |
||
| 999 |
_c46187 _d46187 |
||